Sports Quiz

Random Sports or NBA Quiz
Score 0/3 Timer 00:30
0 Plays Today
Question Answer Wrong Answers
Which team stopped the Boston Celtics 16-game winning streak? ???
98.8%
???
0%
???
1.2%
???
0%
Which of these players are out for the season? ???
50%
???
16.3%
???
13.9%
???
18.7%
How old is Kyrie Irving? ???
30.7%
???
10.8%
???
8.4%
???
1.8%
Remove Ads.
Support Sporcle.
Get the best of Sporcle when you Go Orange. This ad-free experience offers more features, more stats, and more fun while also helping to support Sporcle. Thank you for becoming a member.

You're not logged in!

Compare scores with friends on all Sporcle quizzes.
OR
Log In

Sporcle TV

Today on Sporcle TV


Watch our educational content, quiz creation guides, and fun videos on Sporcle TV.

Show Comments

Extras

Created Nov 23, 2017ReportNominate
Tags:NBA Quiz, half, minute, second

Top Quizzes Today


Score Distribution

Paid Content

Your Account Isn't Verified!

In order to create a playlist on Sporcle, you need to verify the email address you used during registration. Go to your Sporcle Settings to finish the process.

Report this User

Report this user for behavior that violates our Community Guidelines.

Details: